Traffic management bill (Record no. 117776)
[ view plain ]
| 000 -LEADER | |
|---|---|
| fixed length control field | 01120cam a2200229 4500 |
| 001 - CONTROL NUMBER | |
| control field | WB@3612-851 |
| 008 - FIXED-LENGTH DATA ELEMENTS--GENERAL INFORMATION | |
| fixed length control field | 040727n2004 000 0 eng u |
| 035 ## - SYSTEM CONTROL NUMBER | |
| System control number | (Sirsi) u126947 |
| 245 ## - TITLE STATEMENT | |
| Title | Traffic management bill |
| 260 ## - PUBLICATION, DISTRIBUTION, ETC. | |
| Date of publication, distribution, etc. | 2004 |
| 490 ## - SERIES STATEMENT | |
| Series statement | DfT News Release |
| Volume/sequential designation | (2004/0099) 23 July 2004 (3) |
| 520 ## - SUMMARY, ETC. | |
| Summary, etc. | The Traffic Management Bill has now come into force. It will create new measures to tackle congestion caused by incidents on motorways and badly managed work by utility companies and local authorities. A new duty will be placed on every local traffic authority to keep traffic moving on their roads and to work with neighbouring authorities for the benefit of the road network as a whole. Copies of the Act can be found at: http://www.publications.parliament.uk/pa/ld200304/ ldbills/047/2004047.htm. http://www.dft.gov.uk/pns/DisplayPN.cgi?pn_id=2004 _0099 |
| 590 ## - LOCAL NOTE (RLIN) | |
| Local note | WB |
| 590 ## - LOCAL NOTE (RLIN) | |
| Local note | WB |
| 650 ## - SUBJECT ADDED ENTRY--TOPICAL TERM | |
| Topical term or geographic name entry element | CONGESTION |
| 650 ## - SUBJECT ADDED ENTRY--TOPICAL TERM | |
| Topical term or geographic name entry element | TRAFFIC MANAGEMENT BILL |
| 650 ## - SUBJECT ADDED ENTRY--TOPICAL TERM | |
| Topical term or geographic name entry element | ROAD MANAGEMENT |
| 650 ## - SUBJECT ADDED ENTRY--TOPICAL TERM | |
| Topical term or geographic name entry element | TRAFFIC MANAGEMENT |
| 650 ## - SUBJECT ADDED ENTRY--TOPICAL TERM | |
| Topical term or geographic name entry element | ROADS |
| 690 ## - LOCAL SUBJECT ADDED ENTRY--TOPICAL TERM (OCLC, RLIN) | |
| Topical term or geographic name as entry element | TRANSPORT AND COMMUNICATIONS |
| 942 ## - ADDED ENTRY ELEMENTS (KOHA) | |
| Suppress in OPAC | 0 |
| Withdrawn status | Lost status | Source of classification or shelving scheme | Damaged status | Not for loan | Home library | Current library | Shelving location | Date acquired | Total Checkouts | Full call number | Barcode | Date last seen | Copy number | Price effective from | Koha item type |
|---|---|---|---|---|---|---|---|---|---|---|---|---|---|---|---|
| Dewey Decimal Classification | London | London | News article | 27/07/2004 | WB4029-18 | 126947-1001 | 06/08/2019 | 1 | 06/08/2019 | News article |